|
|
|
|
| LEADER |
03421nam a2200757 a 4500 |
| 001 |
nkc20102097084 |
| 003 |
CZ PrNK |
| 005 |
20100901104514.0 |
| 007 |
ta |
| 008 |
100419s2010 xr ach f 001 0 cze |
| 015 |
|
|
|a cnb002097084
|
| 020 |
|
|
|a 978-80-7429-030-5
|q (Vyšehrad :
|q brož.) :
|c Kč 378,00
|
| 035 |
|
|
|a (OCoLC)614297076
|
| 040 |
|
|
|a ABA001
|b cze
|
| 041 |
0 |
|
|a cze
|b ger
|
| 043 |
|
|
|a e-cs---
|a e-ge---
|
| 045 |
|
|
|a x6x8
|
| 072 |
|
7 |
|a 323
|x Vnitropolitický vývoj, politický život
|2 Konspekt
|9 15
|
| 080 |
|
|
|a 329.052:328.123
|2 MRF
|
| 080 |
|
|
|a 323.22
|2 MRF
|
| 080 |
|
|
|a 323.25/.26:329.15
|2 MRF
|
| 080 |
|
|
|a 341.232
|2 MRF
|
| 080 |
|
|
|a 316.4.063.34
|2 MRF
|
| 080 |
|
|
|a 323
|2 MRF
|
| 080 |
|
|
|a (437)
|2 MRF
|
| 080 |
|
|
|a (430.3)
|2 MRF
|
| 080 |
|
|
|a (048.8)
|2 MRF
|
| 100 |
1 |
|
|a Vilímek, Tomáš,
|d 1976-
|7 mzk2004228225
|4 aut
|
| 245 |
1 |
0 |
|a Solidarita napříč hranicemi :
|b opozice v ČSSR a NDR po roce 1968 /
|c Tomáš Vilímek
|
| 246 |
3 |
0 |
|a Opozice v ČSSR a NDR po roce 1968
|
| 250 |
|
|
|a Vyd. 1.
|
| 260 |
|
|
|a Praha :
|b Vyšehrad :
|b Ústav pro soudobé dějiny AV ČR,
|c 2010
|
| 300 |
|
|
|a 383 s. :
|b il., portréty, faksim. ;
|c 20 cm
|
| 490 |
1 |
|
|a Moderní dějiny
|
| 504 |
|
|
|a Obsahuje bibliografii, bibliografické odkazy a rejstřík
|
| 546 |
|
|
|a Německé resumé
|
| 648 |
|
7 |
|a 1968-1989
|7 ch460679
|2 czenas
|
| 650 |
0 |
7 |
|a politická opozice
|7 ph124235
|z Československo
|y 1968-1989
|2 czenas
|
| 650 |
0 |
7 |
|a politická opozice
|7 ph124235
|z Německá demokratická republika
|y 1968-1989
|2 czenas
|
| 650 |
0 |
7 |
|a disent
|7 ph119475
|z Československo
|y 1968-1989
|2 czenas
|
| 650 |
0 |
7 |
|a disent
|7 ph119475
|z Německá demokratická republika
|y 1968-1989
|2 czenas
|
| 650 |
0 |
7 |
|a protikomunistický odboj
|7 ph115902
|z Československo
|y 1968-1989
|2 czenas
|
| 650 |
0 |
7 |
|a protikomunistický odboj
|7 ph115902
|z Německá demokratická republika
|y 1968-1989
|2 czenas
|
| 650 |
0 |
7 |
|a mezinárodní spolupráce
|7 ph122828
|z Československo
|y 1968-1989
|2 czenas
|
| 650 |
0 |
7 |
|a mezinárodní spolupráce
|7 ph122828
|z Německá demokratická republika
|y 1968-1989
|2 czenas
|
| 650 |
0 |
9 |
|a political opposition
|z Czechoslovakia
|y 1968-1989
|2 eczenas
|
| 650 |
0 |
9 |
|a political opposition
|z Germany (East)
|y 1968-1989
|2 eczenas
|
| 650 |
0 |
9 |
|a dissent
|z Czechoslovakia
|y 1968-1989
|2 eczenas
|
| 650 |
0 |
9 |
|a dissent
|z Germany (East)
|y 1968-1989
|2 eczenas
|
| 650 |
0 |
9 |
|a anti-communist movements
|z Czechoslovakia
|y 1968-1989
|2 eczenas
|
| 650 |
0 |
9 |
|a anti-communist movements
|z Germany (East)
|y 1968-1989
|2 eczenas
|
| 650 |
0 |
9 |
|a international cooperation
|z Czechoslovakia
|y 1968-1989
|2 eczenas
|
| 650 |
0 |
9 |
|a international cooperation
|z Germany (East)
|y 1968-1989
|2 eczenas
|
| 655 |
|
7 |
|a monografie
|7 fd132842
|2 czenas
|
| 655 |
|
9 |
|a monographs
|2 eczenas
|
| 651 |
|
7 |
|a Německá demokratická republika
|7 ge131389
|x společnost a politika
|y 1968-1989
|2 czenas
|
| 651 |
|
7 |
|a Československo
|7 ge131689
|x společnost a politika
|y 1968-1989
|2 czenas
|
| 651 |
|
9 |
|a Czechoslovakia
|x society and politics
|y 1968-1989
|2 eczenas
|
| 651 |
|
9 |
|a Germany (East)
|x society and politics
|y 1968-1989
|2 eczenas
|
| 830 |
|
0 |
|a Moderní dějiny (Vyšehrad)
|0 s
|
| 910 |
2 |
|
|a BOA001
|b 1-1242.848
|
| 990 |
|
|
|a BK
|
| 995 |
|
|
|a 01
|
| 991 |
|
|
|b 201005
|c NOV
|
| 996 |
6 |
|
|b 2610433884
|c 1-1242.848
|l MZK
|r Sklad / do 1 hodiny
|n 3
|p p.v.
|w 001120507
|u 000010
|a 1
|e BOA001
|j MZK50
|s P
|
| 996 |
7 |
|
|b 2610441284
|c 1-1242.848
|l MZK
|r Sklad / do 1 hodiny
|n 4
|p kup
|w 001120507
|u 000020
|a 1
|e BOA001
|j MZK50
|s A
|